Empires by their greatest extend - Statistics

General Stats
  • This quiz has been taken 241 times
  • The average score is 22 of 30
Answer Stats
Picture Answer % Correct
Soviet Union
98%
Nazi Germany
97%
Napoleonic France
93%
United States
91%
Japanese Empire
90%
British Empire
89%
Mongol Empire
89%
Russian Empire
89%
German Empire
88%
Spanish Empire
87%
Ottoman Empire
86%
Roman Empire
82%
Swedish Empire
81%
Portuguese Empire
79%
Qin Dynasty
79%
Habsburg Empire
75%
Prussia
75%
Achaemenid Empire
73%
Byzantine Empire
70%
Macedonian Empire
68%
Polish Lithuania
66%
Qing Dynasty
65%
Dutch Empire
63%
Mughal Empire
56%
Umayyad Caliphate
55%
Han Dynasty
51%
Ming Dynasty
48%
North Sea Empire
34%
Song Dynasty
34%
Tang Dynasty
30%
No matching quizzes found
Score Distribution
Percent of People with Each Score
Percentile by Number Answered
Your Score History
You have not taken this quiz